000 00295nam a22001337a 4500
008 170502b xxu||||| |||| 00| 0 eng d
020 _a9780536470898
041 _aeng
080 _a34
100 _a13
101 _aSHJ
245 _aETHICS LAW LEADERSHIP
_cCHEESEMAN.H.R
942 _2udc
_cBK
999 _c12331
_d12331